Vida de Marcos de Obregon

Spremljeno u:
Bibliografski detalji
Glavni autor: Espinel, Vicente (Autor)
Format: Knjiga
Jezik:španjolski
Izdano: Madrid Espasa-Calpe 1951
Serija:Clásicos Castellanos, 43-51
Teme:
Oznake: Dodaj oznaku
Bez oznaka, Budi prvi tko označuje ovaj zapis!

MARC

LEADER 00000nam a2200000 a 4500
001 UCX5046
003 CL-VaPUC
008 920827e19510000SP |||||||||||||||||spa|d
082 0 4 |a 863  |b ESP  |2 21 
100 0 |a Espinel, Vicente  |e author  |9 321352 
245 1 0 |a Vida de Marcos de Obregon 
300 |a 2 v 
942 |c BK 
945 |d 19920827 00:00:00 
260 |a Madrid  |b Espasa-Calpe  |c 1951 
650 0 |a Novelas españolas  |9 265052 
583 |a last modification  |c 19920827 00:00:00  |k Rodrigo Vera 
490 0 |a Clásicos Castellanos, 43-51 
999 |c 225403  |d 225401 
952 |0 0  |1 0  |4 0  |6 863_000000000000000_ESP_1951  |7 0  |8 A  |9 222889  |a FDOPOS  |b FDOPOS  |d 2019-11-15  |h v.1  |i 2916479  |o 863 ESP 1951  |p 2916479  |r 2025-01-22  |w 2019-11-15  |y BK  |k MLH 
952 |0 0  |1 0  |4 0  |6 863_000000000000000_ESP_1951  |7 0  |8 A  |9 222890  |a FDOPOS  |b FDOPOS  |d 2019-11-15  |h v.2  |i 2916487  |o 863 ESP 1951  |p 2916487  |r 2025-01-22  |w 2019-11-15  |y BK  |k MLH